000 00751nam a2200277Ia 4500
003 OSt
005 20220924114828.0
006 a|||||r|||| 00| 0
007 ta
008 220923b |||||||| |||| 00| 0 ara d
020 _c80.00
024 _a343807
037 _cTextual
040 _aARTS
_cARTS
_bara
041 _2ara
_aara
082 _aQ7:353:g, 28N2
100 _aAbdul Qudus Muhammad Au.
_9175602
245 0 _aAl-islam fi hayatana-al-hadeesa
260 _aCairo
_bMaktaba Misr Egypt
_c1992
300 _a240p.
_ccm.
650 _a ISLAM
_9577
650 _a RELIGION
650 _aARABIC LANGUAGE
_931794
942 _hQ7:353:g, 28N2
_cTEXL
_2CC
999 _c395504
_d395504